Statistics for Red Dwarf Quiz

Click here to take the quiz!

General Stats

  • This quiz has been taken 792 times
    (787 since last reset)
  • The average score is 14 of 23

Answer Stats

Hint Answer % Correct
He evolved from a catCat
99%
Frozen in stasis for 3 million yearsLister
98%
An anal neurotic cowardly insecure failure of a hologramRimmer
98%
Some cats belived the hats to be blue, others said they were to be ___Red
98%
IQ of 6000Holly
92%
A large Space Corps mining shipRed Dwarf
90%
Series 4000 mechanoidKryten
84%
"Smoke me a kipper, I'll be back for breakfast"Ace Rimmer
83%
A medium sized vehicle used in season VIStarbug
78%
What color were they suposed to be?Green
69%
Where does Dave want to build his farm and/or diner?Fiji
62%
Small robots that have a better union than anyone elseScutters
58%
Lister's lost loveKochanski
58%
What does Bsc stand for?Bronze Swimming Certificate
56%
How about Ssc?Silver Swimming Certificate
52%
"Would you like some _____?"Toast
46%
An emotional draining monsterPolymorph
44%
A miniscule ship that is blueBlue Midget
42%
A being made to appear however a person desiresPleasure GELF
29%
A domesticated species of PolymorphsEmohawk
26%
What is Lister's favorite food?Chicken Vindaloo
18%
A penguin hand puppetMr. Fibble
17%
What element was responsible for killing everybodyCadmium-II
4%

Score Distribution

Percentile by Number Answered

Percent of People with Each Score

Your Score History

You have not taken this quiz since the last reset